Les 100 plus grandes capitales du monde-Extrême - Statistiques

Statistiques générales
  • Ce quiz a été pris 384 fois
  • Le résultat moyen est 64 sur 100
Statistiques - réponses
Nombre d'habitants Ville % Correct
17 13 300 000 habitants Paris
98%
1 39 000 000 habitants Tokyo
96%
5 24 000 000 habitants Pékin
95%
16 14 500 000 habitants Londres
94%
29 7 000 000 habitants Madrid
94%
21 9 900 000 habitants Washington
94%
3 27 000 000 habitants New Delhi
93%
10 20 000 000 habitants Moscou
91%
31 6 200 000 habitants Berlin
90%
44 4 400 000 habitants Rome
90%
7 22 000 000 habitants Mexico City
89%
43 4 450 000 habitants Brasília
88%
25 7 900 000 habitants Alger
87%
13 15 200 000 habitants Buenos Aires
86%
8 21 800 000 habitants Le Caire
86%
2 33 500 000 habitants Jakarta
84%
9 21 500 000 habitants Dacca
83%
67 2 925 000 habitants Lisbonne
83%
61 3 050 000 habitants Budapest
81%
90 2 275 000 habitants Rabat
81%
64 2 975 000 habitants Bruxelles
79%
4 25 900 000 habitants Séoul
79%
35 5 700 000 habitants Ankara
78%
52 3 500 000 habitants Kiev
78%
74 2 675 000 habitants Vienne
78%
49 3 800 000 habitants Athènes
77%
20 10 200 000 habitants Lima
77%
68 2 825 000 habitants Tunis
77%
59 3 100 000 habitants Varsovie
77%
78 2 500 000 habitants Bucarest
76%
28 7 200 000 habitants Santiago
76%
18 12 000 000 habitants Bogotá
75%
96 1 950 000 habitants Dublin
75%
24 8 300 000 habitants Bagdad
74%
72 2 725 000 habitants Prague
74%
79 2 490 000 habitants Amsterdam
73%
15 14 800 000 habitants Bangkok
73%
12 16 000 000 habitants Téhéran
73%
84 2 390 000 habitants Caracas
72%
14 15 000 000 habitants Kinshasa
72%
48 3 950 000 habitants Dakar
71%
6 23 000 000 habitants Manille
71%
81 2 450 000 habitants Stockholm
71%
73 2 700 000 habitants Minsk
70%
11 19 800 000 habitants Hanoï
69%
95 2 000 000 habitants Montevideo
68%
51 3 550 000 habitants Islamabad
67%
27 7 700 000 habitants Kuala Lumpur
66%
92 2 200 000 habitants Copenhague
65%
26 7 800 000 habitants Riyad
64%
99 1 700 000 habitants Sofia
64%
40 4 800 000 habitants Addis-Abeba
63%
60 3 075 000 habitants Damas
63%
42 4 500 000 habitants Kaboul
63%
89 2 280 000 habitants La Havane
63%
19 10 500 000 habitants Nairobi
63%
56 3 200 000 habitants Quito
63%
33 5 900 000 habitants Singapour
63%
66 2 950 000 habitants Tripoli
63%
98 1 750 000 habitants Belgrade
62%
93 2 100 000 habitants La Paz
61%
85 2 375 000 habitants Beyrouth
60%
54 3 400 000 habitants Pyongyang
60%
86 2 350 000 habitants Brazzaville
59%
55 3 350 000 habitants Bamako
58%
46 4 300 000 habitants Le Cap
58%
58 3 150 000 habitants Pretoria
57%
71 2 750 000 habitants Asunción
55%
34 5 800 000 habitants Khartoum
55%
23 8 500 000 habitants Luanda
55%
63 3 000 000 habitants Yaoundé
55%
80 2 480 000 habitants Doha
54%
22 8 600 000 habitants Taipei
53%
83 2 400 000 habitants Antananarivo
52%
32 6 000 000 habitants Abuja
51%
50 3 750 000 habitants Guatemala
50%
41 4 600 000 habitants Amman
49%
39 5 150 000 habitants Bakou
48%
65 2 960 000 habitants Sanaa
48%
37 5 500 000 habitants Accra
47%
77 2 525 000 habitants Katmandou
45%
87 2 325 000 habitants Phnom Penh
45%
70 2 775 000 habitants Maputo
43%
88 2 300 000 habitants Mogadiscio
41%
91 2 250 000 habitants San José
40%
45 4 350 000 habitants Koweït
39%
100 1 650 000 habitants N'Djaména
39%
62 3 025 000 habitants Ouagadougou
39%
69 2 800 000 habitants Lusaka
38%
94 2 050 000 habitants Lomé
37%
53 3 450 000 habitants Port-au-Prince
37%
36 5 600 000 habitants Colombo (inclut Kotte)
36%
76 2 550 000 habitants Conakry
36%
30 6 800 000 habitants Kampala
36%
57 3 175 000 habitants Harare
35%
75 2 650 000 habitants Tachkent
34%
97 1 800 000 habitants Freetown
33%
47 4 000 000 habitants Saint-Domingue
31%
82 2 425 000 habitants San Salvador
25%
38 5 300 000 habitants Abidjan
22%
Aucun quiz correspondant
Distribution des résultats
% des personnes avec chaque résultat
Percentile par nombre de réponses
Votre historique - résultats
Vous n’avez pas pris ce quiz